01229nam a22003134a 4500001001100000003000800011006001900019007001500038008004100053010001700094020001500111040002100126035002100147050003000168082001800198100002100216245009200237260005100329300002500380504005100405533015200456630003800608650003400646650004900680655002900729710001700758856012500775999001500900ebr5003054CaPaEBRm u cr cn|||||||||001030s2001 azua sb 001 0 eng  z 00050858  z1576108813 aCaPaEBRcCaPaEBR a(OCoLC)55921448814aQA76.76.O63bT6775 2001eb04a005.4/4692211 aTorres, Jesse M.10aWindows admin scripting little black bookh[electronic resource] /cby Jesse M. Torres. aScottsdale, AZ :bCoriolis Group Books,c2001. axxxi, 400 p. :bill. aIncludes bibliographical references and index. aElectronic reproduction.bPalo Alto, Calif. :cebrary,d2013.nAvailable via World Wide Web.nAccess may be limited to ebrary affiliated libraries.00aMicrosoft Windows (Computer file) 0aOperating systems (Computers) 0aProgramming languages (Electronic computers) 7aElectronic books.2local2 aebrary, Inc.40uhttp://site.ebrary.com/lib/rucke/Doc?id=5003054zAn electronic book accessible through the World Wide Web; click to view c1779d1779